Biblioteca y Centro de Documentación

La jubilación o retiro del empleo público entre la voluntariedad y el carácter forzoso (Registro nro. 39703)

Detalles MARC
000 -CABECERA
Longitud fija campo de control 01172naa a2200313 c 4500
001 - NÚMERO DE CONTROL
Número de control 39703
003 - IDENTIFICADOR DE NÚMERO DE CONTROL
Identificador del número de control ES-MaCES
005 - FECHA Y HORA DE LA ÚLTIMA TRANSACCIÓN
Fecha y hora de la última transacción 20150724115919.0
008 - CAMPO FIJO DE DESCRIPCIÓN FIJA--INFORMACIÓN GENERAL
Códigos de información de longitud fija   100114n2009 sp t 000 | spa d
035 ## - NÚMERO DE CONTROL DEL SISTEMA
Número de control del sistema CES20100000404v
040 ## - FUENTE DE CATALOGACIÓN
Centro catalogador de origen ES-MaCES
Lengua de catalogación spa
Centro transcriptor ES-MaCES
100 1# - ENCABEZAMIENTO PRINCIPAL--NOMBRE PERSONAL
Nombre de persona Martínez Barroso, María de los Reyes
9 (RLIN) 17775
245 13 - MENCIÓN DE TÍTULO
Título La jubilación o retiro del empleo público entre la voluntariedad y el carácter forzoso
Mención de responsabilidad, etc. Mª de los Reyes Martínez Barroso
500 ## - NOTA GENERAL
Nota general Resumen
610 14 - ASIENTO SECUNDARIO DE MATERIA--NOMBRE CORPORATIVO
Nombre de entidad corporativa o nombre de jurisdicción como elemento inicial España
Título de la obra Ley del Estatuto básico del empleado público
Fecha del congreso o de la firma de un tratado 2007
9 (RLIN) 2954
650 #4 - ASIENTO SECUNDARIO DE MATERIA--TÉRMINO DE MATERIA
Término de materia o nombre geográfico como elemento inicial España
9 (RLIN) 26964
650 #4 - ASIENTO SECUNDARIO DE MATERIA--TÉRMINO DE MATERIA
Término de materia o nombre geográfico como elemento inicial régimen de pensión profesional
9 (RLIN) 30152
650 #4 - ASIENTO SECUNDARIO DE MATERIA--TÉRMINO DE MATERIA
Término de materia o nombre geográfico como elemento inicial régimen de pensión
9 (RLIN) 27042
650 #4 - ASIENTO SECUNDARIO DE MATERIA--TÉRMINO DE MATERIA
Término de materia o nombre geográfico como elemento inicial convenio colectivo
9 (RLIN) 28361
650 #4 - ASIENTO SECUNDARIO DE MATERIA--TÉRMINO DE MATERIA
Término de materia o nombre geográfico como elemento inicial edad de jubilación
9 (RLIN) 30262
650 #4 - ASIENTO SECUNDARIO DE MATERIA--TÉRMINO DE MATERIA
Término de materia o nombre geográfico como elemento inicial empleado de servicio público
9 (RLIN) 27229
650 #4 - ASIENTO SECUNDARIO DE MATERIA--TÉRMINO DE MATERIA
Término de materia o nombre geográfico como elemento inicial jubilación
9 (RLIN) 28360
653 10 - TÉRMINO DE INDEXACIÓN--NO CONTROLADO
Término no controlado Jurisprudencia
650 #4 - ASIENTO SECUNDARIO DE MATERIA--TÉRMINO DE MATERIA
9 (RLIN) 29152
Término de materia o nombre geográfico como elemento inicial jubilación anticipada
773 0# - ENTRADA DE DOCUMENTO FUENTE
Título Aranzadi social
Parte(s) relacionada(s) n. 13 (nov. 2009){10650 R. 075688}; p. 73-95
Número de control del registro relacionado (ES-MaCES)25655
Itemnumber del ítem fuente 67507
902 ## - CES. TIPO DE DOCUMENTO
Tipodoc (006$c Sirtex) ART Artículo de revista
942 ## - ELEMENTOS KOHA
Fuente de clasificaión o esquema Clasificación propia del CES
Koha [por defecto] tipo de item Artículos (1982-2017)
Parte de clasificación 6.2.

No hay ítems disponibles.

© CES, Consejo Económico y Social de España 2021